000 00536nam a2200145Ia 4500
008 100122s9999 xx 000 0 und d
082 _b34877
_a301.24
100 _aदेशपांडे स ह
245 _aसंघातले दिवस आणि इतर लेख
260 _bसुपर्ण प्रकाशन
_c1983
300 _a174
630 _aसंघातले दिवस आणि इतर लेख
730 _aसंघातले दिवस आणि इतर लेख
942 _cBOOK
999 _c418327
_d418324